000
00469nam a2200181Ia 4500
008
090124s9999 xx 000 0 und d
082
_b
9127
_a
2228
100
_a
तेंडुलकर मीना
245
_a
सावट
250
_a
1
260
_c
1956
300
_a
148
600
_a
तेंडुलकर मीना
630
_a
सावट
700
_a
तेंडुलकर मीना
730
_a
सावट
942
_c
BOOK
999
_c
123174
_d
123174